000 00466nam a2200169Ia 4500
003 GCL
008 140319s9999 xx 000 0 eng d
040 _aGCL /
_cGCL
082 0 4 _a158.7
_bS P
100 1 _aSTAW, BAORY M.
245 1 0 _aPSYCHOLOGICAL DIMENSIONS OF ORGANIZATIONAL BEHAVIOR, 2ND ED /
_cSTAW, BAORY M.
260 _a[S.N] :
_bPRENTICE HALL ،
_c1995
300 _a516 P
650 0 4 _aORGANIZATIONAL BEHAVIOR
650 0 4 _aINDUSTRY
942 _2ddc
_cBK
999 _c23598
_d23598